00681nam a2200229 a 4500001001000000003000500010005001700015008004100032010001100073011001100084020001800095040000900113082002600122245006500148260002400213300002800237490005800265650001900323650002500342650002600367830005800393000110249CHAP20220329144123.0140806s2013 it d |r| ||||||eng d a106711 a107683 a9789251077252 cCHAP04a636.08bF3y.Dir. v.1410aIn vivo conservation of animal genetic resources /cpor FAO. aRoma :bFAO,c2013. axxiv, 242 p. :bdiagrs.1 aFAO. Producción y sanidad animal. Directricesv; 1414aGanadoxRazas.14aProducción animal.14aRecursos genéticos. 0aFAO. Producción y sanidad animal. Directricesv; 14